000 00333nam a22001097a 4500
008 170118b xxu||||| |||| 00| 0 eng d
020 _a9780833086280
041 _aeng
080 _a618.2
245 _aAN EVALUATION OF THE IMPLEMENTATION AND PERCEIVED UTILITY OF THE AIRMAN RESILIENCE TRAINING PROGRAM
_cGONZALEZ, G.C
942 _2udc
_cBK
999 _c3054
_d3054